ბათუმის შოთა რუსთაველის სახელმწიფო უნივერსიტეტის ბიბლიოთეკა

Interviewing: Principles and Practices (ბიბ.ჩანაწერი № 51471)

000 -LEADER
fixed length control field 00618nam a2200229Ia 4500
001 - CONTROL NUMBER
control field 18457
003 - CONTROL NUMBER IDENTIFIER
control field GE_BSU
008 - FIXED-LENGTH DATA ELEMENTS--GENERAL INFORMATION
fixed length control field 181216s||||||||xx |||||||||||||| ||und||
020 ## - INTERNATIONAL STANDARD BOOK NUMBER
International Standard Book Number 9781259010866
040 ## - CATALOGING SOURCE
Transcribing agency GE_BSU
100 ## - MAIN ENTRY--PERSONAL NAME
Personal name Stewart, Charles J., Cash, J. W.
245 ## - TITLE STATEMENT
Title Interviewing: Principles and Practices
250 ## - EDITION STATEMENT
Edition statement Fourteenth ed.
260 ## - PUBLICATION, DISTRIBUTION, ETC.
Place of publication, distribution, etc. New York
260 ## - PUBLICATION, DISTRIBUTION, ETC.
Name of publisher, distributor, etc. McGraw hill
260 ## - PUBLICATION, DISTRIBUTION, ETC.
Date of publication, distribution, etc. 2014
300 ## - PHYSICAL DESCRIPTION
Extent 421p. 24 cm.
653 ## - INDEX TERM--UNCONTROLLED
Uncontrolled term Interviewing: Principles and Practices
653 ## - INDEX TERM--UNCONTROLLED
Uncontrolled term გასაუბრება
653 ## - INDEX TERM--UNCONTROLLED
Uncontrolled term კარიერა, მართვა.
942 ## - ADDED ENTRY ELEMENTS (KOHA)
Koha item type წიგნი
ეგზემპლარები
Withdrawn status Lost status Damaged status Not for loan Date acquired Barcode Date last seen Price effective from Koha item type
        2018-12-17 47307 2018-12-17 2018-12-17 წიგნი